| 000 | 00449nam a2200169Ia 4500 | ||
|---|---|---|---|
| 008 | 230524s9999 xx 000 0 und d | ||
| 020 | _a8126511060 | ||
| 082 |
_a621.38 _bWEB |
||
| 100 | _aJohn G.Webster (Editor) | ||
| 245 | 0 | _a"Medical Instrumentation Application and design, " | |
| 250 | _a3RD | ||
| 260 |
_aSINGAPORE _bJohn Wiley & Sons _c2004 |
||
| 300 | _aXII;1.10 | ||
| 500 | _aQuantity Number: 11 | ||
| 650 | _aBiomedical | ||
| 942 | _cBK | ||
| 999 |
_c37522 _d37522 |
||